EToH Towers by Picture #3 - Statistics

General Stats
  • This quiz has been taken 24 times
  • The average score is 10 of 16
Answer Stats
Picture Answer % Correct
Tower of Screen Punching
95%
Citadel of Peril
91%
Tower of Sugar Rush Deluxe
91%
Citadel of Laptop Splitting
86%
Tower of Stairs To Spare
82%
Steeple of Zip Zap Pop!
73%
Tower of Geometric Kinetics
68%
Tower of Lotsa Damage
68%
Tower of Niflheim
68%
Tower of High Power
64%
Tower of Six Feet Under
64%
Steeple of Magical Elements
50%
Tower of Power Laws
41%
Steeple of Pumpkin Panic (E)
32%
Tower of Frame Carvings (M)
32%
Tower of Celestial Darkness (M)
23%
No matching quizzes found
Score Distribution
Percent of People with Each Score
Percentile by Number Answered
Your Score History
You have not taken this quiz